Atlanta Falcons Coaching Staff Since 2000 - Statistics

General Stats
  • This quiz has been taken 6 times
  • The average score is 20 of 108
Answer Stats
Hint Answer % Correct
2021 HC Arthur Smith
67%
2022 HC Arthur Smith
67%
2023 HC Arthur Smith
67%
2015 HC Dan Quinn
67%
2016 HC Dan Quinn
67%
2017 HC Dan Quinn
67%
2018 HC Dan Quinn
67%
2019 HC Dan Quinn
67%
2019 DC Dan Quinn
67%
2020 HC Dan Quinn
67%
2008 HC Mike Smith
67%
2009 HC Mike Smith
67%
2010 HC Mike Smith
67%
2011 HC Mike Smith
67%
2012 HC Mike Smith
67%
2013 HC Mike Smith
67%
2014 HC Mike Smith
67%
2020 HC* Raheem Morris
67%
2020 DC Raheem Morris
67%
2024 HC Raheem Morris
67%
2025 HC Raheem Morris
67%
2015 OC Kyle Shanahan
33%
2016 OC Kyle Shanahan
33%
2007 HC Bobby Petrino
17%
2000 HC Dan Reeves
17%
2001 HC Dan Reeves
17%
2002 HC Dan Reeves
17%
2002 OC Dan Reeves
17%
2003 HC Dan Reeves
17%
2021 OC Dave Ragone
17%
2022 OC Dave Ragone
17%
2023 OC Dave Ragone
17%
2021 DC Dean Pees
17%
2022 DC Dean Pees
17%
2007 OC Hue Jackson
17%
2020 DC* Jeff Ulbrich
17%
2025 DC Jeff Ulbrich
17%
2005 HC Jim Mora
17%
2004 HC Jim Mora Jr./Jim Mora
17%
2006 HC Jim Mora Jr./Jim Mora
17%
2024 DC Jimmy Lake
17%
2017 DC Marquand Manuel
17%
2018 DC Marquand Manuel
17%
2021 STC Marquice Williams
17%
2022 STC Marquice Williams
17%
2023 STC Marquice Williams
17%
2024 STC Marquice Williams
17%
2025 STC Marquice Williams
17%
2023 DC Ryan Nielsen
17%
2017 OC Steve Sarkisian
17%
2018 OC Steve Sarkisian
17%
2024 OC Zac Robinson
17%
2025 OC Zac Robinson
17%
2019 STC Ben Kotwica
0%
2020 STC Ben Kotwica
0%
2008 DC Brian VanGorder
0%
2009 DC Brian VanGorder
0%
2010 DC Brian VanGorder
0%
2011 DC Brian VanGorder
0%
2012 OC Dirk Koetter
0%
2013 OC Dirk Koetter
0%
2014 OC Dirk Koetter
0%
2019 OC Dirk Koetter
0%
2020 OC Dirk Koetter
0%
2001 DC Don Blackmon
0%
2004 DC Ed Donatell
0%
2005 DC Ed Donatell
0%
2006 DC Ed Donatell
0%
2007 HC* Emmitt Thomas
0%
2000 OC George Sefcik
0%
2001 OC George Sefcik
0%
2004 OC Greg Knapp
0%
2005 OC Greg Knapp
0%
2006 OC Greg Knapp
0%
2007 STC Jerry Rosburg
0%
2000 STC Joe DeCamillis
0%
2001 STC Joe DeCamillis
0%
2002 STC Joe DeCamillis
0%
2003 STC Joe DeCamillis
0%
2004 STC Joe DeCamillis
0%
2005 STC Joe DeCamillis
0%
2006 STC Joe DeCamillis
0%
2008 STC Keith Armstrong
0%
2009 STC Keith Armstrong
0%
2010 STC Keith Armstrong
0%
2011 STC Keith Armstrong
0%
2012 STC Keith Armstrong
0%
2013 STC Keith Armstrong
0%
2014 STC Keith Armstrong
0%
2015 STC Keith Armstrong
0%
2016 STC Keith Armstrong
0%
2017 STC Keith Armstrong
0%
2018 STC Keith Armstrong
0%
2008 OC Mike Mularkey
0%
2009 OC Mike Mularkey
0%
2010 OC Mike Mularkey
0%
2011 OC Mike Mularkey
0%
2012 DC Mike Nolan
0%
2013 DC Mike Nolan
0%
2014 DC Mike Nolan
0%
2007 DC Mike Zimmer
0%
2003 OC Pete Mangurian
0%
2015 DC Richard Smith
0%
2016 DC Richard Smith
0%
2000 DC Rich Brooks
0%
2002 DC Wade Phillips
0%
2003 HC* Wade Phillips
0%
2003 DC Wade Phillips
0%
No matching quizzes found
Score Distribution
Percent of People with Each Score
Percentile by Number Answered
Your Score History
You have not taken this quiz